| 000 | 00465nam a22001457a 4500 | ||
|---|---|---|---|
| 005 | 20150211124418.0 | ||
| 008 | 150211b xxu||||| |||| 00| 0 eng d | ||
| 022 | _a2229-3663 | ||
| 245 | _aJournal of minorities rights | ||
| 260 |
_aPune _bA.K.K.New Law Academy and Ph.D.Research Centre |
||
| 300 |
_av. _c24 cm |
||
| 310 | _aHalf Yearly | ||
| 270 |
_a2390-B,K.B. hidayatullah Road,Azam Campus,Camp _bPune _dIndia _e411001 _mnlajmr@gmail.com |
||
| 942 |
_2ddc _cSR _mJOU _s1 |
||
| 999 |
_c91358 _d91358 |
||